01260na a2200337 450000100060000000300080000600500170001400800410003102000150007204000250008704100080011208200280012009000270014810000190017524501230019424600430031725000110036026000270037130000190039849000310041765000540044865000680050265000490057065100400061965100690065965100370072870000200076594200130078595201090079899900150090717523MIRAKIL20181213154933.0161025b tu 000 0  a9753471882 aMilasbturcTR-AnCHP atur a343.01502632bB27t 1999 a343.01502632 B27t 1999 aBaşar, Civan aTürk Silahlı Kuvvetleri İç Hizmet KanunubAskeri Ceza Kanunu ve diğer kanunlarcCivan Başar, Yücel Savrul aAskeri Ceza Kanunu ve diğer kanunlar a2. bs. aAnkarabSeçkinc1999 a366 s.c14 sm. aKanun Metinleri serisiv32 aAskerlik hukukuxAskeri cezayTürkiyezKanunlar aAskerlik hukukuxAskeri iç hizmet hukukuyTürkiyezKanunlar aAskerlik BilimixHukuk ve mevzuatzTürkiye aTürkiyexAskeri Ceza Kanunu, 1930 aTürkiyexTürk Silahlı Kuvvetleri İç Hizmet Kanunu, 1961 aTürkiyexAskerlik Kanunu, 1927 aSavrul, Yücel 2ddccBKS a0001b0001d2016-10-25e2l0o343.01502632 B27t 1999p008172r2016-10-25 00:00:00v0.00w2016-10-25yBKS c3469d3469